ENGINEERING SCIENCE (Record no. 615801)

000 -LEADER
fixed length control field 00332nam a22001337a 4500
040 ## - CATALOGING SOURCE
Transcribing agency NUST
082 ## - DEWEY DECIMAL CLASSIFICATION NUMBER
Classification number 620
Author Mark WAL'E
100 ## - MAIN ENTRY--PERSONAL NAME
Personal name WALKER, J.D.
9 (RLIN) 57261
245 ## - TITLE STATEMENT
Title ENGINEERING SCIENCE
250 ## - EDITION STATEMENT
Edition statement VOLUME II
260 ## - PUBLICATION, DISTRIBUTION, ETC.
Place of publication, distribution, etc. LONDON:
Name of publisher, distributor, etc. ENGLISH UNIVERSITES PRESS,
Date of publication, distribution, etc. 1962.
650 ## - SUBJECT ADDED ENTRY--TOPICAL TERM
Topical term or geographic name entry element ENGINEERING SCIENCE
9 (RLIN) 132743
942 ## - ADDED ENTRY ELEMENTS (KOHA)
Source of classification or shelving scheme
Koha item type Book
Holdings
Withdrawn status Lost status Source of classification or shelving scheme Damaged status Not for loan Permanent Location Current Location Shelving location Date acquired Total Checkouts Full call number Barcode Date last seen Price effective from Koha item type Public note
          College of Electrical & Mechanical Engineering (CEME) College of Electrical & Mechanical Engineering (CEME) General Stacks 01/08/2026   620 WAL'E CEME-4259 01/08/2026 01/08/2026 Book 4.0
© 2023 Central Library, National University of Sciences and Technology. All Rights Reserved.